| 000 | 00701nam a2200181 a 4500 | ||
|---|---|---|---|
| 005 | 20210219160303.0 | ||
| 008 | 081006s1992 mx r 000 0 spa d | ||
| 035 | _aUPN01000162424 | ||
| 049 | _aUNE | ||
| 080 | _a371.13/ .16 (100)=20 "1992" EDU | ||
| 245 | 0 | 0 |
_aEducation and new information technologies teacher training and research : _bA survey of co-opertive projects between universities and schools. |
| 260 |
_aParis : _bOECD, _c1992. |
||
| 300 | _a238 p. | ||
| 690 | _aFormacion de docentes- Tecnologia educacional | ||
| 690 | _aInnovaciones en los metodos de enseƱanza- Formacion de docentes | ||
| 710 | 2 | _aOECD. Organisation for Economic Co-operation and Development | |
| 905 | _aUNESCO | ||
| 999 |
_c134537 _d134537 |
||